000 00635nam a2200193Ia 4500
003 GCL
008 140319s9999 xx 000 0 ara d
040 _aGCL /
_cGCL
082 0 4 _a412.4
_bا غ
100 1 _aابى عبيدالقاسم بن سلام
245 1 0 _aالغريب المصنف /
_cابى عبيدالقاسم بن سلام
700 1 _aمحمد المختار العبيدى
300 _a1046 ص
490 _aالهيئة العامة للاستعلامات
_v0
650 0 4 _aاللغة العربية
650 0 4 _aفقه اللغة
650 0 4 _aاللغة العربية - الاشتقاق
942 _2ddc
_cBK
999 _c48019
_d48019